Podporné programy Slovenskej záručnej banky - program PHARE

Podporný program vznikol na základe zmluvy medzi Slovenskou záručnou bankou a Európskou úniou v r. 1992. Záručný fond na poskytovanie záruk pre malých a stredných podnikateľov. Bilancia programu PHARE do konca roka 1994.

Salvato in:
Dettagli Bibliografici
Autore principale: Kovalčík, J.
Natura: Capitolo di libro
Lingua:slovacco
Soggetti:
Tags: Aggiungi Tag
Nessun Tag, puoi essere il primo ad aggiungerne!!

MARC

LEADER 00000naa a2200000 4500
001 r017874
005 20221205103044.5
041 0 |a slo 
044 |a SK 
245 1 0 |a Podporné programy Slovenskej záručnej banky - program PHARE  |c J. Kovalčík 
520 |a Podporný program vznikol na základe zmluvy medzi Slovenskou záručnou bankou a Európskou úniou v r. 1992. Záručný fond na poskytovanie záruk pre malých a stredných podnikateľov. Bilancia programu PHARE do konca roka 1994. 
610 2 0 |a Slovenská záručná banka, š.p.ú. Bratislava 
610 2 0 |a banky 
610 2 0 |a Slovensko 
610 2 0 |a záruka 
610 2 0 |a úver bankový 
610 2 0 |a podpora podnikania 
610 2 0 |a podnikanie súkromné 
610 2 0 |a PHARE 
610 2 0 |a banky záručné 
100 1 |a Kovalčík, J.